000 00581nam a2200229Ia 4500
003 OSt
005 20230503163429.0
008 210423s2009 xx 000 0 und d
020 _a9788121925563
040 _cAL
041 _aeng
082 _a621.381 THEB
_223
100 _aTHEREJA (B L).
_995052
245 _aBasic electronics: solid state.
250 _a3
260 _aNew Delhi
_bS Chand & Company Ltd
_c2009
300 _aix,715
_bPB
365 _b400
_cINR
650 _aElectronics
_995053
906 _aBasic ; electronics: ; solid ; state.
942 _2ddc
_cBK
999 _c161976
_d161976